01469nam2a22002291 4500001001000000005001700010035002600027100004100053101000800094102000700102105001800109200026600127210001800393215001900411320005000430320004100480461062700521702003201148801001801180801002201198852001901220rc\77870320250622135603.0 a(NLR Aleph) 006325994 a20040301d1988 |||y0rusy50 ca0 arus aRU aa |||||||||1 aПрямые константы спин-спинового взаимодействия 13С-13С гетероатомных соединенийfНауч.-техн. центр хим. информатикиg[Подгот. Л.Б. Кривдин и др.] d1988aБ. м. a382 с.cил. aБиблиогр.: с. 359-362 (40 назв.) aФормул. указ.: с. 363-381 01001rc\77870012001#$aАТЛАС спектров углеродного магнитного резонанса$fПод ред. акад. В.А. Коптюга и к. х. н. М.И. Подгорной$gАН СССР. Сиб. отд-ние, Новосиб. ин-т орган. химии, Науч.-информ. центр по молекуляр. спектроскопии$vВып. 6cНовосибирскd1984-fПод ред. акад. В.А. Коптюга и к. х. н. М.И. ПодгорнойnНИОХtАТЛАС спектров углеродного магнитного резонансаvВып. 6 1aКривдинbЛ.Б.4570 0aRUbNLRgpsbo 1aRUbELAR2rusmarc aNLRj87-5/3357